| 000 | 01565cam a22004214i 4500 | ||
|---|---|---|---|
| 003 | PE-LiUPU | ||
| 005 | 20250731173055.0 | ||
| 008 | 150623s r 000 0 d | ||
| 035 | _a(Sirsi) a24280 | ||
| 040 |
_aPE-LiUPU _bspa _cPE-LiUPU _erda |
||
| 082 | 0 | 4 |
_a225.077 _bN _221 |
| 100 | 1 |
_aClarke, Adam, _eautor. |
|
| 245 | 1 | 0 |
_aRomans to the Revelations: the New Testament of our Lord and Saviour Jesus Christ; volumen II. _n2 / _cAdam Clarke. |
| 264 | 1 |
_aNew York, NY : _bCarlton & Porter, _c[1817]. |
|
| 300 |
_a1070 páginas : _bilustraciones, gráficos ; _c26 cm. |
||
| 336 |
_atext _2rdacontent |
||
| 337 |
_aunmediated _2rdamedia |
||
| 338 |
_avolume _2rdacarrier |
||
| 500 | _aEn el lomo encuadernado figura el número romano VI. | ||
| 505 | 0 | _aRomans to the Revelations: the New Testament of our Lord and Saviour Jesus Christ; volumen II. | |
| 526 | _aSEG42 | ||
| 526 | _aSEG41 | ||
| 526 | _aSEG40 | ||
| 526 | _aSEG39 | ||
| 526 | _aP94 | ||
| 526 | _aP87 | ||
| 526 | _aP86 | ||
| 526 | _aP85 | ||
| 526 | _aP77 | ||
| 526 | _aP76 | ||
| 526 | _aP35 | ||
| 630 |
_aBiblia. _pN.T. _pRomanos-Apocalipsis _xComentarios. |
||
| 942 |
_2ddc _cBOOK |
||
| 949 |
_a225.077 N 2 _wDEWEY _c1 _i48567 _lCCODEBUL1 _mBUL _p00.00 _r0 _sY _tBOOK _u2015-06-24 _xBIBLIOTECA _PP35 _0COMPRA _o.STAFF. Colección General |
||
| 596 | _a1 | ||
| 999 |
_a225.077 N 2 _wDEWEY _c27740 _i48567 _d27740 _f2021-11-9 _g5 _lCCODEBUL1 _mBUL _q2 _r1 _sY _tBOOK _u2015-6-24 _xTEOLOGIA _PP35 _0COMPRA _o.STAFF. Colección General |
||
| 980 |
_81 _gALBERTO SANCHEZ Responsable de Automatización |
||